MARC

LEADER 00000nam0a2200000 4500
001 129700
005 20231101220208.0
010 |a 1402025742 
035 |a (RuTPU)RU\TPU\book\140390 
090 |a 129700 
100 |a 20080128d2005 k y0engy50 ba 
101 0 |a eng 
102 |a US 
105 |a y z 001zy 
200 1 |a Organic Spectroscopy  |f L. D. S. Yadav 
210 |a Boston  |c Kluwer Academic Publishers  |d 2005 
215 |a 324 p. 
320 |a Index: p. 321-324. 
606 1 |a Органические соединения  |x Спектроскопические исследования  |2 stltpush  |3 (RuTPU)RU\TPU\subj\75557  |9 87273 
610 1 |a органическая химия 
610 1 |a спектральный анализ 
610 1 |a спектроскопия 
610 1 |a английский язык 
675 |a 547:543.4  |v 3 
700 1 |a Yadav  |b L. D. S. 
801 1 |a RU  |b 63413507  |c 20080128  |g PSBO 
801 2 |a RU  |b 63413507  |c 20190211  |g PSBO 
942 |c BK